[Event "Ruhrgebiet Regionalliga 1415"]
[Site "Germany"]
[Date "2015.03.15"]
[Round "7.8"]
[White "Kaehmann, Joerg"]
[Black "Wissing, Elias"]
[Result "1-0"]
[WhiteElo "2200"]
[BlackElo "742"]
[PlyCount "87"]
[EventDate "2014.09.28"]
[EventType "team-tourn"]
[EventRounds "9"]
[EventCountry "GER"]
[SourceTitle "EXT 2022"]
[Source "ChessBase"]
[SourceDate "2021.10.06"]
[SourceVersion "1"]
[SourceVersionDate "2021.10.06"]
[SourceQuality "1"]
[WhiteTeam "Herne Sodingen"]
[BlackTeam "Muelheim Nord III"]
[WhiteTeamCountry "GER"]
[BlackTeamCountry "GER"]

1. d4 d5 2. Nf3 Nc6 3. g3 Nf6 4. Bg2 Bd7 5. c4 e6 6. 0-0 Bd6 7. b3 h6 8. Bb2 0-0 9. Ne5 Qe7 10. Nxc6 bxc6 11. c5 Bxc5 12. dxc5 Qxc5 13. Ba3 Qb6 14. Bxf8 Rxf8 15. Nc3 d4 16. Na4 Qb4 17. Rc1 Qd6 18. Nc5 Bc8 19. Qc2 e5 20. Rfd1 g6 21. Ne4 Bf5 22. Nxd6 Bxc2 23. Rxc2 c5 24. Ne4 Ne8 25. Nxc5 f5 26. Nd7 Rf7 27. Bd5 Kg7 28. Bxf7 Kxf7 29. Nxe5+ Kf6 30. Nc6 g5 31. Rxd4 Ng7 32. Nxa7 g4 33. a4 Nh5 34. a5 Kg5 35. a6 f4 36. Rc5+ Kg6 37. Nc6 Nf6 38. Rxf4 h5 39. a7 Nd7 40. Ne5+ Kg5 41. Nxd7+ Kg6 42. Rf6+ Kg7 43. Rg5+ Kh8 44. Rh6# 1-0